000 00556nam a22001935i 4500
001 54409
003 ES-MaACL
007 t|
008 960722s1878 gw ||||1| eng d
040 _aCAM
_bspa
_cCAM
100 1 _aForrester.
_951811
245 1 0 _aViva /
_cby Mrs. Forrester.
260 _aLeipzig :
_bBernhard Tauchnitz,
_c1878.
300 _a2 t. en 1 v. ;
_c17 cm.
490 1 _aCollection of British authors ;
_v1767-1768
830 0 _aCollection of British authors ;
_v1767-1768
_9180703
852 _aES-MaACL
_jG-11565
999 _c54409
_d54409